Dovolenka v otázkach a odpovediach

Odpovede na často sa vyskytujúce otázky na tému dovolenka. Dovolenka za odpracované dni. Je potrebné v pracovnej zmluve uviesť výmeru dovolenky zamestnanca? V prípade skráteného (polovičného) úväzku prináleží zamestnancovi polovica počtu dní dovolenky? A ďalšie otázky a odpovede.

Salvato in:
Dettagli Bibliografici
Autore principale: Švaňová, Martina
Natura: Capitolo di libro
Lingua:slovacco
Soggetti:
Tags: Aggiungi Tag
Nessun Tag, puoi essere il primo ad aggiungerne!!

MARC

LEADER 00000naa a2200000 4500
001 0234155
005 20221104112010.9
041 0 |a slo 
044 |a SK 
245 1 0 |a Dovolenka v otázkach a odpovediach  |c Martina Švaňová 
520 |a Odpovede na často sa vyskytujúce otázky na tému dovolenka. Dovolenka za odpracované dni. Je potrebné v pracovnej zmluve uviesť výmeru dovolenky zamestnanca? V prípade skráteného (polovičného) úväzku prináleží zamestnancovi polovica počtu dní dovolenky? A ďalšie otázky a odpovede. 
610 2 0 |a dovolenka 
610 2 0 |a úväzok pracovný 
610 2 0 |a vzťahy pracovnoprávne 
610 2 0 |a zákonník práce 
100 1 |a Švaňová, Martina